| 000 | 00598nam a2200205Ia 4500 | ||
|---|---|---|---|
| 005 | 20250923145322.0 | ||
| 008 | 008 250917s9999 xx 000 0 eng d | ||
| 037 | _aTextual | ||
| 040 |
_aDSWL _beng _cDSWL |
||
| 041 |
_aeng _2eng |
||
| 084 |
_aYX,Z.33.56, N75 _qDSWL |
||
| 100 |
_aBrearley, C.Paul _9834025 |
||
| 245 | 0 |
_aSocial work, ageing and society _c by C.Paul Brearley |
|
| 260 |
_aLondon _bRoutledge & Kegan Paul _c1975 |
||
| 300 | _avii,117 p. | ||
| 365 |
_aINR _b35 . 10 |
||
| 925 | _g35 . 10 | ||
| 942 |
_cTEXL _hYX,Z.33.56, N75 |
||
| 999 |
_c1449927 _d1449927 |
||